000 00601nam a2200157Ia 4500
999 _c26972
_d26972
041 _aEnglish
082 _aRR.0292
100 _aRahman, Zillur
_uIIT Roorkee
_vUttarakhand
245 0 _aStudy of Environmental awareness and practices amongst the employees of the companies, in selected industrial estates in Uttarakhand /
_cZillur Rahman
260 _aNew Delhi :
_bIndian Council of Social Science Research,
_c2016
300 _a74p.
536 _aIndian Council of Social Science Research
650 _aEnvironmental Science
_zIndia
_zUttarakhand
650 _aIndustrial Estates
942 _2ddc
_cRP